• 首页
  • 本馆介绍
  • 公告通知
  • 最新文献
  • 馆藏检索
  • 电子资源
  • 读者导购
  • 参考咨询
  • 我的图书馆
  • 登录
  • 详细信息显示
  • 放入我的书架
  • 预约/预借图书
  • 作者相关作品
  • 分类相关作品
  • 丛书相关作品
  • 出版社相关作品

书目信息

  • 表格格式
  • 工作单格式
  • 卡片格式
书名: Understanding phonology =
作者: Carlos Gussenhoven and Haike Jacobs著 ; 李兵导读.
分册号:
分册名:
出版地: 北京 :
 
出版社: 外语教学与研究出版社
出版时间: 2001.
页数: F46, 295 p. :
开本: 23 cm.
丛书名: 当代国外语言学与应用语言学文库
中图分类号:
科图分类号:
其他分类号: H01
主题词:
电子资源:
000 02406nam a2200961 a 4500
001 E0737593835
003 CAL
005 20070819152736.70
008 020325r20011998cc a b 001 0 eng d
020    @a7560023754 :@cCNY28.90.
040    @aSCT@cSCT
050 00 @aP217@b.G867
082 00 @a414@221
090    @aH01
093    @aH012@24
093    @aH01@24
094    @a41.11@23
099    @dH01@ex163
100 1  @aGussenhoven, Carlos,@d1946-
245 10 @aUnderstanding phonology = :@b音系学通解 / @cCarlos Gussenhoven and Haike Jacobs著 ; 李兵导读.
246 11 @a音系学通解
260    @a北京 :@b外语教学与研究出版社,@c2001.
300    @aF46, 295 p. :@bill. ;@c23 cm.
440  0 @a当代国外语言学与应用语言学文库
500    @aIncludes introduction.
504    @aIncludes bibliographical references (p. [265]-276) and indexes.
534    @pReprint. Originally published:@cLondon : Arnold, c1998.
650  0 @aGrammar, Comparative and general@xPhonology.
700 1  @aJacobs, Haike,@d1961-
700 1  @aLi, Bing(李兵)
920    @a251010@z1
920    @a244020@z2
920    @a244050@z2
920    @a231220@z2
920    @a212020@z1
920    @a231010@z1
920    @a242170@z2
920    @a242120@z2
920    @a211090@z1
920    @a242020@z1
920    @a243160@z1
920    @a235010@z1
920    @a211270@z1
920    @a214010@z2
920    @a242010@z1
920    @a211260@z1
920    @a231280@z2
920    @a262070@z1
920    @a231030@z2
920    @a243325@z1
920    @a211020@z1
920    @a211060@z1
920    @a237385@z2
920    @a237010@z2
920    @a251050@z1
920    @a215010@z1
920    @a265010@z1
920    @a243040@z1
920    @a211162@z1
920    @a241420@z2
920    @a246060@z0
920    @a211168@z2
920    @a246010@z1
920    @a241020@z2
920    @a222220@z1
920    @a244010@z1
920    @a236010@z1
920    @a241061@z1
920    @a221060@z1
920    @a222020@z2
920    @a251020@z1
920    @a221010@z2
920    @a211390@z1
920    @a223140@z1
920    @a242250@z2
920    @a221020@z2
920    @a211010fg@z2
920    @a246040@z1
920    @a237020@z1
920    @a211410@z1
920    @a261020@z1
920    @a232010@z2
998    @aSCT
    
    Understanding phonology = : : 音系学通解 / / Carlos Gussenhoven and Haike Jacobs著 ; 李兵导读.-北京 : : 外语教学与研究出版社, , 2001.
    F46, 295 p. : : ill. ; ; 23 cm.- (当代国外语言学与应用语言学文库)
    Includes introduction.-Includes bibliographical references (p. [265]-276) and indexes.
    
    ISBN 7560023754 :CNY28.90.
    
●
相关链接 在E读中查询图书 在五车中查询图书 在当当中查询图书 在豆瓣中查询图书


正题名:Understanding phonology =     索取号:H01/x163         预约/预借

序号 登录号 条形码 馆藏地/架位号 状态 备注
1 0017068   300170687   第二样本阅览室/ [索取号:H01/x163] 在馆    
2 0017069   300170696   第四借阅区/ [索取号:H01/x163] 在馆    
3 0017070   300170703   第四借阅区/ [索取号:H01/x163] 在馆    
4 0017071   300170712   第四借阅区/ [索取号:H01/x163] 在馆    
5 0017072   300170721   第四借阅区/ [索取号:H01/x163] 在馆    
6 16699   300166996   第四借阅区/ [索取号:H01/x163] 在馆    
唐山师范学院图书馆 欢迎您!
大连网信软件有限公司© 版权所有